[Event "Titled Tue 21st Nov Late"]
[Site "chess.com INT"]
[Date "2023.11.21"]
[Round "9"]
[White "Eljanov, P."]
[Black "Paravyan, D."]
[Result "1-0"]
[WhiteElo "2697"]
[BlackElo "2612"]
[PlyCount "71"]
[EventDate "2023.11.21"]

1. Nf3 d5 2. g3 c5 3. Bg2 Nf6 4. O-O g6 5. c4 Bg7 6. Qa4+ Nc6 7. Ne5 Qd6 8. cxd5 Nxd5 9. Nc4 Qd8 10. Nc3 e6 11. Ne3 O-O 12. Nexd5 exd5 13. Nxd5 Nd4 $146 ({RR} 13... Re8 14. e4 Bd7 15. d3 Nb4 16. Qb3 a5 17. Be3 a4 18. Qd1 Nxd5 19. exd5 Bxb2 20. Rb1 a3 21. Bxc5 Qa5 22. d4 Bf5 23. d6 b6 24. Bxa8 Rxa8 25. Qf3 bxc5 26. dxc5 Rd8 27. Rbc1 Bxc1 28. Rxc1 {Maletin,P (2575)-Sychev,K (2543) Sochi RUS 2024 ½-½ (32)}) 14. e3 Bd7 15. Qd1 Bc6 16. exd4 Bxd5 17. dxc5 Rc8 18. d3 Bxg2 19. Kxg2 Rxc5 20. Be3 Rd5 21. Qb3 b6 22. Rfd1 Qd7 23. Rac1 h5 24. h4 Rb5 25. Qa4 Qd5+ 26. Qe4 Bxb2 27. Rc7 Qxa2 28. Rd2 Qa3 29. d4 Rf5 30. d5 Be5 31. Rc6 Qe7 32. Bg5 Qd7 33. d6 f6 34. Bh6 Rd8 35. Rc7 Qe6 36. Qb7 1-0

[Event "TCh-AUT 2023-24"]
[Site "Austria AUT"]
[Date "2023.11.22"]
[Round "1.1"]
[White "Donchenko, Alexa"]
[Black "Michalik, P."]
[Result "1-0"]
[WhiteElo "2664"]
[BlackElo "2574"]
[PlyCount "41"]
[EventDate "2023.11.22"]
[EventType "team"]
[WhiteTeam "Sparkasse Jenbach"]
[BlackTeam "Mayrhofen/Zell/Zillertal"]

1. Nf3 d5 2. e3 Nf6 3. c4 c6 4. Nc3 e6 5. b3 Bd6 6. Bb2 Qe7 7. Qc2 O-O 8. Be2 e5 ({RR} 8... Nbd7 9. O-O Re8 10. Rad1 a6 11. d4 dxc4 12. Bxc4 b5 13. Bd3 Bb7 14. Ne4 Nxe4 15. Bxe4 f5 16. Bd3 c5 17. d5 Nf8 18. e4 exd5 19. e5 Bc7 20. Bxf5 Rad8 21. Rfe1 Ba5 22. Re2 d4 23. Be4 {Thorsteinsson,T (2193)-Arngrimsson,D (2366) Reykjavik ISL 2024 ½-½ (62)}) 9. cxd5 cxd5 $146 ({RR} 9... e4 10. Nd4 cxd5 11. Ncb5 Be5 12. Ba3 Qd8 13. Bxf8 Kxf8 14. Rc1 Na6 15. f4 exf3 16. Bxf3 Bd7 17. O-O g6 18. Nc3 Nb4 19. Qd1 Bxd4 20. exd4 Qb6 21. Ne2 Nxa2 22. Rc5 Nb4 23. Kh1 Kg7 24. Nf4 {Harika,D (2505)-Gunina,V (2522) Beijing 2014 0-1 (71)}) 10. Nb5 Nc6 11. Nxd6 Qxd6 12. d4 Nb4 13. Qd2 Ne4 14. Qd1 Qg6 15. O-O Bh3 16. Ne1 exd4 17. Bxd4 Bf5 18. f3 Nd6 19. Bc5 Nc6 20. e4 Bc8 21. e5 1-0

[Event "Region Group Cup 2023"]
[Site "Moscow RUS"]
[Date "2023.12.03"]
[Round "11.4"]
[White "Artemiev, V."]
[Black "Lagno, Kateryna"]
[Result "1-0"]
[WhiteElo "2714"]
[BlackElo "2542"]
[PlyCount "45"]
[EventDate "2023.12.01"]

1. Nf3 d5 2. g3 Nf6 3. Bg2 c5 4. O-O g6 5. c4 Bg7 6. Qa4+ Qd7 7. Qxd7+ Nbxd7 8. cxd5 Nxd5 9. Nc3 N7f6 $146 ({RR} 9... N7b6 10. Ng5 Nb4 11. Nge4 c4 12. b3 Bg4 13. Rb1 Rc8 14. h3 Bf5 15. g4 Be6 16. bxc4 Rxc4 17. Nb5 Nxa2 18. Ba3 Rc2 19. Nc5 Bc4 20. Nxa7 Bxe2 21. Rfe1 Nc4 22. Bc6+ Kf8 23. Nd7+ Kg8 24. Bxe7 {Dardha,D (2631)-Jumabayev,R (2590) Sharjah UAE 2023 1-0 (71)}) ({RR} 9... e6 10. d4 b6 11. Nxd5 exd5 12. Rd1 Bb7 13. Be3 c4 14. Nd2 b5 15. a4 a6 16. axb5 axb5 17. Rxa8+ Bxa8 18. Ra1 O-O 19. Ra5 Bc6 20. Nb1 Nb6 21. Nc3 b4 22. Nxd5 Bxd5 23. Bxd5 Rd8 24. Be4 {Banusz,T (2592)-Sivuk,V (2505) Reykjavik ISL 2025 ½-½ (50)}) 10. Ng5 e6 11. Nge4 Nxe4 12. Bxe4 Nf6 13. Bg2 Rb8 14. d4 cxd4 15. Bf4 Ra8 16. Nb5 O-O 17. Nc7 Rb8 18. Ne8 Ra8 19. Nxg7 Kxg7 20. Be5 Bd7 21. g4 g5 22. h4 h6 23. f4 1-0

[Event "TOP 28 Blitz GP 2023"]
[Site "Khanty-Mansiysk RUS"]
[Date "2023.12.04"]
[Round "7.4"]
[White "Tsydypov, Z."]
[Black "Lobanov, Sergei"]
[Result "1-0"]
[WhiteElo "2530"]
[BlackElo "2502"]
[PlyCount "97"]
[EventDate "2023.12.04"]
[EventType "blitz"]

1. Nf3 d5 ({RR} 1... Nf6 2. c4 e6 3. g3 b6 4. Bg2 Bb7 5. O-O Be7 6. b3 O-O 7. Bb2 {½-½ (13) Haapasalo,J (2159)-Uusitupa,A (1760) Naantali 2009}) 2. g3 Nf6 3. Bg2 e6 4. O-O Be7 5. b3 O-O 6. Bb2 b6 7. c4 Bb7 8. d4 Nbd7 9. Nbd2 c5 10. cxd5 Bxd5 11. Re1 ({RR} 11. Rc1 Rc8 12. Nc4 Rc7 13. dxc5 Bxc5 14. Bd4 Qe7 15. Ne3 Bc6 16. Bxc5 {½-½ (16) Krasenkow,M (2661)-Ivanchuk,V (2709) Lvov 2000}) ({RR} 11. dxc5 Bxc5 12. Rc1 Rc8 13. Nc4 Qe7 14. e3 Rfd8 15. Qe2 Nf8 16. Nce5 Ng6 17. Nxg6 hxg6 18. Rfd1 Be4 19. Nd2 Bxg2 20. Kxg2 Qb7+ {½-½ (20) Luo,Y (1092)-Li,Z Shanghai CHN 2024}) 11... cxd4 12. Nxd4 Bxg2 13. Kxg2 Rc8 $146 14. N2f3 Bb4 15. Rf1 Qe7 16. Rc1 Bc5 17. e3 Nd5 18. Nf5 exf5 19. Qxd5 Qe6 20. Qb7 Nf6 21. Rfd1 h6 22. Bxf6 Qxf6 23. Rc4 a5 24. Rd5 Rcd8 25. Re5 g6 26. h4 Rfe8 27. Rxe8+ Rxe8 28. Rc2 Rd8 29. Qa6 Qc6 30. Qe2 Qe4 31. Rc4 Qb1 32. e4 fxe4 33. Rxe4 Kg7 34. Rf4 Qd1 35. Qb2+ Kg8 36. h5 g5 37. Rf5 Qd6 38. Rf6 Qd5 39. Rxh6 Bd4 40. Qxd4 Qxd4 41. Nxd4 Rxd4 42. Rxb6 a4 43. Kf3 Rd3+ 44. Ke2 Rd4 45. Ke3 Rg4 46. b4 Rc4 47. Kd3 Rc1 48. Ra6 Rf1 49. Ke3 1-0

[Event "TOP 28 Blitz GP 2023"]
[Site "Khanty-Mansiysk RUS"]
[Date "2023.12.04"]
[Round "9.1"]
[White "Afanasiev, Nikita"]
[Black "Grebnev, Aleksey"]
[Result "1-0"]
[WhiteElo "2540"]
[BlackElo "2525"]
[PlyCount "67"]
[EventDate "2023.12.04"]
[EventType "blitz"]

1. Nf3 c5 2. g3 Nc6 3. Bg2 g6 4. O-O Bg7 5. Nc3 d6 ({RR} 5... d5 6. a3 e5 7. e4 d4 8. Nd5 Nge7 9. c4 dxc3 10. dxc3 h6 11. b4 O-O 12. Be3 cxb4 13. axb4 Nxd5 14. exd5 Ne7 15. c4 Nf5 16. Ra3 Bd7 17. c5 Bb5 18. Re1 e4 19. Nd2 Qxd5 20. Nxe4 {Kramnik,V (2760)-Svidler,P (2743) Sochi 2014 1-0 (63)}) ({RR} 5... d5 6. Re1 f5 7. d3 Nf6 8. Nd2 O-O 9. Nb3 d4 10. Na4 Nd5 11. Naxc5 a5 12. Na4 f4 13. Rf1 Rf5 14. c4 dxc3 15. Nxc3 Nxc3 16. bxc3 fxg3 17. hxg3 Bxc3 18. Rb1 Qf8 19. d4 a4 20. Qc2 {Rodshtein,M (2613)-Heimisson,H (2384) Vrnjacka Banja SRB 2024 1-0 (57)}) 6. e3 e5 $146 ({RR} 6... Nf6 7. d4 O-O 8. d5 Nb4 9. e4 Bg4 10. h3 Bxf3 11. Bxf3 Nd7 12. Bg2 Rb8 13. Bg5 Na6 14. Qd2 Ne5 15. Rae1 b5 16. Nd1 f6 17. Be3 Nc4 18. Qe2 Nxe3 19. Nxe3 c4 20. h4 Nc5 21. f4 {Khruschiov,A (2385)-Schekachikhin,M (2430) Cheliabinsk 2022 ½-½ (54)}) ({RR} 6... e6 7. d4 Nge7 8. dxc5 dxc5 9. Qxd8+ Nxd8 10. Ne4 O-O 11. Nxc5 b6 12. Ne4 Ba6 13. Rd1 Ndc6 14. Bf1 Bxf1 15. Kxf1 h6 16. Ke2 f5 17. Ned2 Rac8 18. c3 e5 19. e4 Rfd8 20. b3 Kf7 21. Ba3 {Afanasiev,N (2533)-Galchenko,M (2438) Sochi RUS 2023 1-0 (49)}) 7. d4 cxd4 8. exd4 exd4 9. Nb5 Nge7 10. Nbxd4 O-O 11. c3 Qb6 12. Nb3 Nf5 13. Bf4 a5 14. Qc2 Be6 15. Ng5 Bc4 16. Rfe1 h6 17. Ne4 Rfd8 18. h4 Rac8 19. Rad1 a4 20. Nbd2 Bxa2 21. Qxa4 Qxb2 22. Nc4 Qb3 23. Nb6 Qxa4 24. Nxa4 Ne5 25. Nb6 Rc6 26. Nd5 Bxd5 27. Rxd5 h5 28. Rb1 Rc7 29. Bh3 Re8 30. Bxf5 gxf5 31. Nxd6 Rd8 32. Rxe5 Bxe5 33. Bxe5 Rc5 34. Nxb7 1-0

[Event "Titled Tue 28th Nov Early"]
[Site "chess.com INT"]
[Date "2023.11.28"]
[Round "5"]
[White "Mekhitarian, K."]
[Black "Kunin, V."]
[Result "1-0"]
[WhiteElo "2559"]
[BlackElo "2534"]
[PlyCount "487"]
[EventDate "2023.11.28"]

1. Nf3 c5 2. c4 Nc6 3. Nc3 g6 4. d4 cxd4 5. Nxd4 Bg7 6. e3 d6 7. Be2 ({RR} 7. g3 Nf6 8. Bg2 Nxd4 9. exd4 O-O 10. O-O Bg4 11. Qb3 Rb8 12. d5 Qd7 13. Re1 Bh3 14. Bh1 Rfe8 15. Be3 b6 16. Rad1 Rbc8 17. Nb5 Ng4 18. Bd4 Qf5 19. Be4 Qh5 20. Bxg7 Kxg7 21. Qc3+ f6 {Yevchenko,A (2276)-Senft,S (2054) chess.com INT 2025 1-0 (42)}) 7... Bd7 ({RR} 7... Nf6 8. O-O Qa5 9. Nc2 O-O 10. Bd2 Bd7 11. Nd5 Qd8 12. Bc3 Nxd5 13. cxd5 Nb8 14. Bxg7 Kxg7 15. Qd4+ Kg8 16. Rac1 Qb6 17. a3 Rc8 18. Qxb6 axb6 19. Nb4 Rc5 20. e4 b5 21. f3 f6 22. Nd3 {Wang,L (2383)-Wang,H (2722) Hefei 2010 ½-½ (73)}) ({RR} 7... Nf6 8. Nc2 O-O 9. e4 Be6 10. O-O Na5 11. b3 Nxe4 12. Nxe4 Bxa1 13. Nxa1 d5 14. Ng5 dxc4 15. Nxe6 fxe6 16. b4 Nc6 17. Bxc4 Nd4 18. Bb2 Rc8 19. Qd3 Rf4 20. Bxd4 Rxd4 21. Bxe6+ Kg7 22. Qe3 {Mekhitarian,K (2562)-Vivaan Vishal Shah (2296) chess.com INT 2024 1-0 (65)}) 8. Nc2 Nf6 9. e4 $146 ({RR} 9. O-O O-O 10. e4 a6 11. Be3 Ne5 12. f3 Qc7 13. b3 Rfc8 14. Nb4 e6 15. Rc1 Qa5 16. Qxd6 Bf8 17. Bb6 Qxb4 18. Qxe5 Qxb6+ 19. Kh1 Bg7 20. Qg5 h6 21. Qd2 Rd8 22. e5 Bc6 23. Qe1 Ne8 {Bauer,K-Gorka,C (1675) Oberhof 1999 0-1 (40)}) 9... O-O 10. Be3 Rc8 11. O-O a6 12. Rc1 Ne5 13. Na3 Qa5 14. h3 Rfd8 15. f4 Nc6 16. Qd2 Nxe4 17. Nxe4 Qxd2 18. Nxd2 Bxb2 19. Nc2 Bxc1 20. Rxc1 Re8 21. Rb1 e5 22. Kf2 Bf5 23. Rb2 exf4 24. Bb6 Ne5 25. Nb4 Kf8 26. Nd5 Bd3 27. Nxf4 Bxe2 28. Ne4 Nd3+ 29. Nxd3 Bxd3 30. Nxd6 Bxc4 31. Nxc8 Rxc8 32. Rc2 Be6 33. Rxc8+ Bxc8 34. a4 Ke7 35. a5 Ke6 36. h4 Kf5 37. g3 Kg4 38. Bc7 Bd7 39. Bb6 Bc6 40. Bc7 Bd5 41. Bb6 Bc6 42. Bc7 Bb5 43. Bb6 Ba4 44. Bc7 Bb3 45. Bb6 Ba2 46. Bc7 Bb1 47. Bb6 Bc2 48. Bc7 Bd3 49. Bb6 Bf5 50. Bc7 Bc8 51. Bb6 Kf5 52. Ke3 Ke5 53. Kf3 Bd7 54. Ke3 Bc6 55. Bd4+ Kd5 56. Bb6 Kc4 57. Kd2 Bh1 58. Ke3 Kd5 59. Kf4 Ke6 60. Bc5 f6 61. Bb6 Kf7 62. Bd8 h6 63. Bb6 g5+ 64. hxg5 fxg5+ 65. Ke3 Kg6 66. Bc5 Kf5 67. Bf8 Kg6 68. Bc5 Bc6 69. Bb6 Bd7 70. Kf3 Be8 71. Ke3 Bf7 72. Kf3 Bg8 73. Ke3 Be6 74. Kf3 Bd5+ 75. Ke3 Bc4 76. Kf3 Bb3 77. Ke3 Ba2 78. Kf3 Bb1 79. Ke3 Kh5 80. Kf3 Bc2 81. Ke3 Bg6 82. Kf3 Bf5 83. Ke3 Kg4 84. Kf2 Be6 85. Bc5 Bd5 86. Bb6 Bf3 87. Bc5 Bd1 88. Bb6 Ba4 89. Bc5 Kf5 90. Ke3 h5 91. Bb6 Bb5 92. Kf3 Bc6+ 93. Kf2 Bd7 94. Ke3 Be8 95. Kf2 Bf7 96. Ke3 Bg8 97. Kf2 Be6 98. Kf3 Bd5+ 99. Ke3 Bc4 100. Kf3 Bb3 101. Ke3 Ba2 102. Kf3 Bb1 103. Ke3 Kg4 104. Kf2 Bc2 105. Bc5 Kh3 106. Bb6 Bd3 107. Bc7 Bb5 108. Bb6 Bd7 109. Bc7 Be8 110. Bd6 Bf7 111. Bc7 Bg8 112. Bd6 Kg4 113. Bc7 h4 114. gxh4 Kxh4 115. Kg2 Kg4 116. Bb6 Bh7 117. Kh2 Bg6 118. Kg1 Bf5 119. Kh1 Be4+ 120. Kg1 Bd3 121. Kf2 Bc2 122. Kg1 Bb1 123. Kg2 Ba2 124. Kh2 Bb3 125. Kg1 Bc4 126. Kh2 Bd5 127. Kg1 Be6 128. Kh2 Bf7 129. Kg1 Bg8 130. Kh2 Kh5 131. Kg3 Bh7 132. Kh3 Bg6 133. Kg3 Bf5 134. Kf3 Bd3 135. Kg3 Bc2 136. Kh3 Bb1 137. Kg3 Ba2 138. Kh3 Kh6 139. Kg3 Bb3 140. Kg4 Bd1+ 141. Kg3 Kg6 142. Kh3 Ba4 143. Kg3 Bb5 144. Kg4 Bc6 145. Kg3 Bd7 146. Kf3 Kf7 147. Kg3 Ke6 148. Kf3 Kd5 149. Kg3 Kc4 150. Kf3 Kb5 151. Kg3 Ka4 152. Kf3 Be6 153. Kg3 Bf5 154. Kf3 g4+ 155. Kg3 Bc8 156. Kf4 Kb4 157. Kg3 Kc4 158. Kf4 Kd3 159. Kg3 Ke2 160. Kg2 Ke1 161. Kg1 Bd7 162. Kg2 Kd2 163. Kf2 Kc3 164. Kg3 Kb4 165. Kf2 Kb5 166. Kg3 Be6 167. Kf4 Kc6 168. Kg3 Kd7 169. Kf4 Ke7 170. Kg3 Kf7 171. Kf4 Bd7 172. Kg3 Kg6 173. Kf4 Kf6 174. Bd4+ Ke6 175. Bb6 Kd6 176. Kg3 Kc6 177. Kf4 Kd5 178. Kg3 Ke4 179. Kf2 Kf4 180. Bc7+ Kg5 181. Bb6 Bc6 182. Kg3 Bf3 183. Be3+ Kf5 184. Bb6 Ke4 185. Kf2 Kd5 186. Kg3 Bd1 187. Kf2 Kc6 188. Kg3 Kb5 189. Kf2 Ka4 190. Kg3 Kb4 191. Kf2 Kb3 192. Kg3 Kc3 193. Kf2 g3+ 194. Kxg3 Ba4 195. Kf4 Bc6 196. Kg3 Kd3 197. Kf2 Ke4 198. Kg1 Kf3 199. Kh2 Bb5 200. Kg1 Kg3 201. Kh1 Be2 202. Kg1 Kf3 203. Kh2 Kg4 204. Kg2 Bf3+ 205. Kf2 Be4 206. Ke1 Bh1 207. Kd2 Kf5 208. Kc1 Ke6 209. Kb2 Kd6 210. Kc3 Kc6 211. Kb2 Kb5 212. Kc1 Kc4 213. Kd2 Be4 214. Ke3 Bd3 215. Kf4 Kc3 216. Kg5 Kc4 217. Kf6 Kb5 218. Ke7 Kc6 219. Kd8 Bf5 220. Ke7 Bg4 221. Kf6 Kd5 222. Kg5 Bh3 223. Kf4 Bf1 224. Ke3 Kd6 225. Kf2 Bh3 226. Kg3 Bf5 227. Kf4 Bc2 228. Ke3 Kd7 229. Kd4 Kc8 230. Kc3 Kb8 231. Kxc2 Ka8 232. Kc3 Kb8 233. Kc4 Ka8 234. Kc5 Kb8 235. Kd6 Ka8 236. Bc7 Ka7 237. Kd7 Ka8 238. Kd8 b5 239. axb6 Kb7 240. Kd7 a5 241. Ke6 a4 242. Kd5 a3 243. Kc5 a2 244. Be5 1-0

[Event "Titled Tue 28th Nov Early"]
[Site "chess.com INT"]
[Date "2023.11.28"]
[Round "8"]
[White "Le, Quang Liem"]
[Black "Murzin, Volodar"]
[Result "1-0"]
[WhiteElo "2731"]
[BlackElo "2625"]
[PlyCount "69"]
[EventDate "2023.11.28"]

1. Nf3 d5 2. e3 g6 3. c4 c6 4. d4 Bg7 5. Nc3 Nf6 6. Be2 O-O 7. O-O Bg4 8. h3 Bxf3 9. Bxf3 e6 10. Qb3 ({RR} 10. b3 Nbd7 11. Bb2 Re8 12. Qc2 Rc8 13. Rad1 a6 14. a4 Qa5 15. g3 h6 16. Bg2 Qc7 17. Ne2 b5 18. Rc1 Qb8 19. axb5 axb5 20. c5 Qb7 21. Nf4 e5 22. dxe5 Nxe5 23. Rfd1 Ra8 24. Bd4 Qe7 {Keymer,V (2690)-Demidov,M (2575) chess.com INT 2023 1-0 (44)}) 10... Qb6 11. Bd2 Nbd7 12. Rfd1 $146 ({RR} 12. Rfc1 Rac8 13. Be1 dxc4 14. Qxc4 e5 15. Qb3 exd4 16. exd4 Qxd4 17. Qxb7 Ne5 18. Be2 Rb8 19. Qa6 Rxb2 20. Nd1 Rb6 21. Qxa7 Nd5 22. Ba5 Rb4 23. Qxd4 Rxd4 24. Nc3 Ra8 25. Nxd5 Rxa5 26. Ne3 Rd2 {Le,Q (2731)-Gholami Orimi,M (2470) chess.com INT 2024 ½-½ (76)}) 12... Ne8 13. Na4 Qxb3 14. axb3 f5 15. Rdc1 a6 16. b4 Nd6 17. b3 Ne4 18. Be1 Kf7 19. Nc5 Ndxc5 20. bxc5 e5 21. cxd5 cxd5 22. dxe5 Bxe5 23. Ra2 Rac8 24. b4 Ke6 25. Rd1 Rfd8 26. Ra3 Rd7 27. Be2 Rdc7 28. f3 Ng3 29. Bd3 f4 30. Bxg3 fxg3 31. f4 Bb2 32. Rb3 Bf6 33. Be2 a5 34. Bg4+ Ke7 35. Bxc8 1-0

[Event "Titled Tue 28th Nov Early"]
[Site "chess.com INT"]
[Date "2023.11.28"]
[Round "8"]
[White "Keymer, Vincent"]
[Black "Xu, Yi"]
[Result "1-0"]
[WhiteElo "2721"]
[BlackElo "2500"]
[PlyCount "59"]
[EventDate "2023.11.28"]

1. Nf3 d5 2. e3 Nf6 3. c4 e6 4. Nc3 b6 5. cxd5 exd5 6. g3 Bb7 7. Bg2 a6 8. O-O Nbd7 9. b3 Bd6 10. Bb2 O-O 11. Rc1 Re8 12. Re1 Bf8 ({RR} 12... Rc8 13. Re2 Qe7 14. d3 Ba3 15. Bxa3 Qxa3 16. Rec2 c5 17. d4 c4 18. Nd2 cxb3 19. Nxb3 Qd6 20. Qd3 g6 21. a4 Kg7 22. a5 b5 {½-½ (22) Zhao,Y (2466)-Petr,M (2474) Plzen CZE 2025}) ({RR} 12... Qe7 13. Re2 Ba3 14. Bxa3 Qxa3 15. d4 Qd6 16. Rec2 Re7 17. Ne1 Nf8 18. Nd3 Ng6 19. b4 h5 20. a3 h4 21. Ne2 hxg3 22. hxg3 Ne4 23. Nef4 Nxf4 24. Nxf4 g6 25. Qg4 Rd8 26. Nd3 Kg7 27. Qf4 {Keymer,V (2743)-Vokhidov,S (2596) chess.com INT 2024 1-0 (73)}) 13. Re2 $146 ({RR} 13. Ne2 Rc8 14. Nf4 c5 15. d3 b5 16. Re2 Bd6 17. Rec2 Qe7 18. Qd2 Rc7 19. h4 Rec8 20. Bh3 Re8 21. a4 b4 22. h5 c4 23. Bd4 c3 24. Qd1 Nc5 25. Ra2 Ne6 26. Bb6 Nxf4 27. exf4 Rc6 {Wei Yi (2740)-Abdusattorov,N (2727) Wijk aan Zee NED 2024 ½-½ (59)}) 13... Rc8 14. d4 g6 15. Rec2 Bg7 16. Ne5 Nxe5 17. dxe5 Rxe5 18. Nb5 Re7 19. Na7 Ra8 20. Nc6 Bxc6 21. Rxc6 Ne4 22. Bxg7 Kxg7 23. Qd4+ Kg8 24. Rd1 a5 25. h4 a4 26. b4 a3 27. h5 Qf8 28. hxg6 hxg6 29. Qxd5 Nd6 30. Rxd6 1-0

[Event "Titled Tue 28th Nov Early"]
[Site "chess.com INT"]
[Date "2023.11.28"]
[Round "11"]
[White "Donchenko, Alexa"]
[Black "Terry, R."]
[Result "1-0"]
[WhiteElo "2664"]
[BlackElo "2503"]
[PlyCount "107"]
[EventDate "2023.11.28"]

1. Nf3 Nf6 2. g3 b6 3. Bg2 Bb7 4. O-O g6 5. d4 Bg7 6. c4 e6 7. Nc3 Ne4 8. Nxe4 Bxe4 9. Bg5 Qc8 ({RR} 9... f6 10. Bf4 O-O 11. Qd2 f5 12. Rfd1 Nc6 13. d5 Na5 14. Rac1 Bxf3 15. exf3 e5 16. Bg5 Qe8 17. Re1 Nb7 18. Bh6 Bxh6 19. Qxh6 Qe7 20. Rc3 Rae8 21. Rce3 Nd6 22. R3e2 Qf6 23. Qc1 f4 24. Qc3 {Radjabov,T (2747)-Hou,Y (2650) Chess.com INT 2022 1-0 (61)}) 10. Qd2 h6 ({RR} 10... O-O 11. Bh6 d6 12. Qf4 Qb7 13. Qh4 Bxh6 14. Qxh6 Bxf3 15. Bxf3 c6 16. d5 cxd5 17. cxd5 e5 18. Rfc1 Qe7 19. e4 Nd7 20. Rc7 Rfc8 21. Rac1 Rxc7 22. Rxc7 Qd8 23. Rc6 Nb8 24. Rc3 Nd7 25. Qc1 {Banusz,T (2621)-Eilers,S (2275) chess.com INT 2024 1-0 (65)}) ({RR} 10... O-O 11. Bh6 d6 12. Bxg7 Kxg7 13. Qf4 Bb7 14. d5 e5 15. Qd2 Nd7 16. e4 a5 17. Nh4 Qd8 18. Qc3 Kg8 19. b3 Nc5 20. Rae1 Qe7 21. Bh3 Rae8 22. Ng2 Bc8 23. Bxc8 Rxc8 24. a3 Ra8 25. b4 {Andreikin,D (2729)-Terry,R (2514) chess.com INT 2024 1-0 (60)}) 11. Bf4 d6 12. h4 $146 ({RR} 12. Ne1 Bxg2 13. Kxg2 Qa6 14. b3 Nc6 15. Be3 Ne7 16. f3 c5 17. Nc2 Rd8 18. a4 d5 19. cxd5 Rxd5 20. Bf2 cxd4 21. Nb4 Qa5 22. Rac1 O-O 23. Rfd1 Rc5 24. Rxc5 bxc5 25. Nd3 Qb6 26. Qc2 Nd5 {Alburt,L (2515)-Speelman,J (2560) London 1986 0-1 (46)}) 12... Nd7 13. Rad1 Nf6 14. c5 Qd7 15. cxd6 cxd6 16. Qb4 Bf8 17. Qa3 Nd5 18. Bd2 Bg7 19. e3 Qb7 20. Qxd6 Rd8 21. Qa3 g5 22. h5 Nf6 23. Ne1 Bxg2 24. Nxg2 Nxh5 25. Rc1 Nf6 26. Rc2 Bf8 27. Qa4+ Qd7 28. Qa6 Bd6 29. Qd3 O-O 30. Bc3 Bb8 31. e4 e5 32. d5 Qh3 33. Ne3 Bd6 34. b4 Rfe8 35. Be1 Rc8 36. Nf5 Bf8 37. f3 g4 38. Rh2 Rc1 39. Rxh3 gxh3 40. Bd2 h2+ 41. Kxh2 Rxf1 42. Qxf1 Rc8 43. Qd3 Rc7 44. Bxh6 Bxb4 45. Bg5 Nd7 46. d6 Rc3 47. Qb5 Rc2+ 48. Kh3 Nf8 49. Qxb4 Ne6 50. Bh4 Rc1 51. d7 Rd1 52. Qe7 Rd2 53. Qe8+ Kh7 54. Qxf7+ 1-0

[Event "Titled Tue 28th Nov Late"]
[Site "chess.com INT"]
[Date "2023.11.28"]
[Round "5"]
[White "Le, Quang Liem"]
[Black "Svane, R."]
[Result "1-0"]
[WhiteElo "2731"]
[BlackElo "2647"]
[PlyCount "73"]
[EventDate "2023.11.28"]

1. Nf3 d5 2. e3 Nf6 3. c4 e6 4. Nc3 dxc4 5. Bxc4 a6 6. a4 c5 7. b3 b6 8. Bb2 Bb7 9. O-O Be7 10. d4 O-O 11. Qe2 Nc6 $146 ({RR} 11... cxd4 12. Nxd4 Nbd7 13. Rfd1 Qe8 14. Qf1 Ne5 15. Be2 Qb8 16. h3 Rd8 17. Rac1 h5 18. Nb1 Ng6 19. Nd2 Ne5 20. N2f3 Nxf3+ 21. Bxf3 Bxf3 22. Nxf3 Qb7 23. Ne5 Rxd1 24. Qxd1 Rc8 25. Rxc8+ Qxc8 26. Bd4 {Keymer,V (2730)-Makarian,R (2550) chess.com INT 2024 1-0 (68)}) 12. Rad1 cxd4 13. Nxd4 Nxd4 14. Rxd4 Qc7 15. Rfd1 Rfd8 16. Rxd8+ Bxd8 17. Ba3 Be7 18. Bxe7 Qxe7 19. Qd2 Qb4 20. e4 e5 21. Qe3 h6 22. h3 Rc8 23. Kh2 Kf8 24. Rd3 Qc5 25. Qd2 Qc7 26. f3 a5 27. Nb5 Qe7 28. Nd6 Rd8 29. Nxf7 Rxd3 30. Qxd3 Qc7 31. Nd8 Bc8 32. Nf7 Ke7 33. Nh8 Bd7 34. Ng6+ Ke8 35. Qc3 b5 36. axb5 Bxb5 37. Bxb5+ 1-0

[Event "Titled Tue 28th Nov Late"]
[Site "chess.com INT"]
[Date "2023.11.28"]
[Round "10"]
[White "Svane, R."]
[Black "Melkumyan, H."]
[Result "1-0"]
[WhiteElo "2647"]
[BlackElo "2650"]
[PlyCount "103"]
[EventDate "2023.11.28"]

1. Nf3 c5 2. g3 Nc6 3. c4 g6 4. Bg2 Bg7 5. O-O Nf6 6. d4 cxd4 7. Nxd4 O-O 8. Nc3 d6 9. b3 Bd7 10. Bb2 Qa5 11. Rc1 Rfc8 12. e3 Rab8 13. Qe2 a6 14. Rfd1 Bg4 15. Bf3 $146 ({RR} 15. f3 Bd7 16. Nxc6 bxc6 17. c5 {½-½ (17) Sloth,J-Jakobsen,O (2435) Aarhus 1976}) 15... Qh5 16. Bxg4 Nxg4 17. f3 Nf6 18. Kg2 Qa5 19. Ba1 Qd8 20. e4 Nxd4 21. Rxd4 b5 22. cxb5 axb5 23. Rdd1 Qa5 24. Nd5 Nxd5 25. exd5 Bxa1 26. Rxa1 Rc7 27. Rac1 Rbc8 28. Rxc7 Rxc7 29. Rd4 b4 30. h4 Ra7 31. Kh3 Qxa2 32. Qxa2 Rxa2 33. Rxb4 Rd2 34. Rb7 Kf8 35. Rb5 h5 36. g4 hxg4+ 37. fxg4 Rd3+ 38. Kg2 Kg7 39. g5 f6 40. gxf6+ Kxf6 41. Kh2 Kf5 42. Rb7 Re3 43. Kg2 Kf4 44. Kf2 Re4 45. b4 Kf5 46. b5 Kf6 47. b6 Re5 48. Rb8 Rf5+ 49. Kg3 Rxd5 50. b7 Rd3+ 51. Kf2 Rb3 52. Rf8+ 1-0

[Event "Bundesliga 2023-24"]
[Site "Bremen GER"]
[Date "2023.12.02"]
[Round "3.7"]
[White "Harikrishna, P."]
[Black "Ivic, Velimir"]
[Result "1-0"]
[WhiteElo "2716"]
[BlackElo "2562"]
[PlyCount "47"]
[EventDate "2023.10.21"]
[WhiteTeam "SG Solingen"]
[BlackTeam "SV Werder Bremen"]

1. Nf3 d5 2. c4 d4 3. b4 c5 4. g3 f6 5. bxc5 e5 6. d3 Bxc5 7. Bg2 Ne7 8. O-O O-O 9. Nbd2 Nd7 $146 ({RR} 9... Nec6 10. Nb3 Bb4 11. Bb2 a5 12. a4 Bf5 13. Ne1 Qd7 14. Nc2 Be7 15. Ba3 Nb4 16. Bxb4 axb4 17. a5 Nc6 18. Qd2 Bh3 19. Bxh3 Qxh3 20. c5 f5 21. f4 Qg4 22. Nxb4 exf4 23. Nxc6 bxc6 24. Qxf4 {Fransson,J-Olausson,C (2255) Sweden 1998 0-1 (51)}) 10. Ne4 Qc7 11. Rb1 Rb8 12. Nxc5 Qxc5 13. Qa4 Qc7 14. Ba3 Re8 15. Nd2 f5 16. Bxe7 Rxe7 17. Qxa7 Qc5 18. Qa4 b6 19. Qc6 Qxc6 20. Bxc6 Nc5 21. Nb3 Ne6 22. Bd5 Kf8 23. f4 Nc7 24. Bg2 1-0

[Event "Chess Stars 3.0 Rapid"]
[Site "Moscow RUS"]
[Date "2023.12.15"]
[Round "6.3"]
[White "Artemiev, V."]
[Black "Vallejo Pons, F."]
[Result "1-0"]
[WhiteElo "2711"]
[BlackElo "2667"]
[PlyCount "157"]
[EventDate "2023.12.14"]
[EventType "rapid"]

1. Nf3 c5 2. c4 Nf6 3. g3 b6 4. Bg2 Bb7 5. O-O e6 6. d4 cxd4 7. Nxd4 Bxg2 8. Kxg2 Qc8 9. b3 a6 10. e3 $146 ({RR} 10. Bb2 Be7 11. Nc3 Qb7+ 12. f3 O-O 13. e4 d6 14. Qe2 Nbd7 15. Rfd1 Rfd8 16. Rac1 Rac8 17. Ba3 Bf8 18. Bb2 Rc7 19. h3 Rdc8 20. Kh2 g6 21. Qe3 Ne5 22. Kg2 Ned7 23. g4 h6 24. Re1 Kh7 {Lentrodt,T (2320)-Klimm,W (2275) Germany 1993 0-1 (59)}) ({RR} 10. Bb2 Qb7+ 11. Kg1 Be7 12. Nc3 O-O 13. Qd2 d6 14. Rac1 Rd8 15. f3 Nc6 16. Nxc6 Qxc6 17. e4 Qb7 18. Qe2 Rab8 19. a4 Nd7 20. Rb1 Bf8 21. Kg2 Rbc8 22. Bc1 Re8 23. Be3 Nc5 24. Rfd1 g6 {Huebner,R (2604)-Bischoff,K (2561) Playchess.com INT 2004 ½-½}) ({RR} 10. Bb2 Be7 11. Nc3 Qb7+ 12. f3 d5 13. cxd5 Nxd5 14. Nxd5 Qxd5 15. e4 Qb7 16. Rc1 O-O 17. Qc2 Bc5 18. Rfd1 Nd7 19. Qc3 Nf6 20. b4 Bxd4 21. Qxd4 Rac8 22. Qe3 Rxc1 23. Rxc1 Nd7 24. Qd4 e5 {Adewumi,T (2276)-Tarasova,V (2226) chess.com INT 2023 1-0 (46)}) 10... Nc6 11. Bb2 Be7 12. Nxc6 Qxc6+ 13. Qf3 O-O 14. Rd1 Rfc8 15. Nd2 b5 16. Rac1 Qxf3+ 17. Nxf3 bxc4 18. Bxf6 Bxf6 19. Rxd7 cxb3 20. Rxc8+ Rxc8 21. axb3 Rb8 22. Ra7 h6 23. Nd2 a5 24. Rc7 Be5 25. Rc6 Bf6 26. h4 g6 27. Rc7 Be5 28. Rd7 Bb2 29. Rd3 Rb5 30. Nc4 Bf6 31. Kf3 Be7 32. Rd7 Kf8 33. Nd2 Bb4 34. Nc4 Be7 35. Rd3 g5 36. h5 Rf5+ 37. Ke2 g4 38. Rd4 Rxh5 39. Rxg4 Rb5 40. Rd4 Rxb3 41. Nxa5 Rc3 42. Nc4 Rc2+ 43. Kf1 Bf6 44. Re4 h5 45. Nb6 Kg7 46. Ra4 Rc6 47. Nd7 Rc7 48. Nb6 Rc6 49. Nc4 Rc5 50. Nd2 Rc7 51. Kg2 Rd7 52. Nf3 Kg6 53. Ng1 Bg5 54. Ra5 Rd5 55. Ra8 Rd8 56. Ra4 Rd5 57. Nh3 Bh6 58. Ng1 Bg5 59. Ne2 Rd2 60. Kf3 Rd5 61. Rc4 Rf5+ 62. Kg2 Rd5 63. Rc8 Rd8 64. Rc7 Rd2 65. Kf3 e5 66. Rc6+ Kg7 67. Rc5 e4+ 68. Kxe4 Rxe2 69. Rxg5+ Kf6 70. f4 Rh2 71. Kf3 h4 72. g4 Rh3+ 73. Ke4 Rg3 74. Rg8 h3 75. g5+ Ke6 76. Re8+ Kd7 77. Rh8 Ke6 78. f5+ Ke7 79. Kf4 1-0